000 01173naa a22003017a 4500
001 BR9504377
003 BR-BrBNA
005 20250721155534.0
007 ta
008 250630b bl.|||m| |||| 00| 0 por d
040 _aBR-BrBNA
_bpor
_cBiblioteca Nacional de Agricultura
041 _a(Pt)
072 _aH20
_b1410
_b4120
090 _aH20 BR9504377
100 1 _aSantorato, A.
100 1 _aRava, C.A.
245 1 _aMurcha ou amarelecimento de fusarium
500 _aPrincipais doencas do feijoeiro comum e seu controle Sartorato, A.Rava, C.A.(eds.) Brasilia, DF (Brasil): EMBRAPA, SPI, 1994. p. 175-190 [43 ref.] (BR9504377-AMS)
773 0 _tPrincipais doencas do feijoeiro comum e seu controle
_aSartorato, A.; Rava, C.A.(eds.). Centro Nacional de Pesquisa de Arroz e Feijao, Goiania, GO (Brasil)
_wH20 BR9504377
_gBrasilia, DF (Brasil), 1994. p. 175-190
650 _aFeijao
650 _aMurcha de Fusarium
650 _aEtiologia
650 _aSintoma
650 _aInoculacao
490 _aDocumentos - Centro Nacional Pesquisa em Arroz e Feijao (Brazil)
_vno. 50
_xISSN 0101-9716
942 _cAMS
_2AGRIS
909 _a202506
_bLúcia
_c55
_dLúcia Elande
999 _c337101
_d337101